Theory of preliminary test and Stein-type estimation with applications

Gorde:
Xehetasun bibliografikoak
Egile nagusia:  Saleh, A. K. Md. Ehsanes
Formatua: Sách
Hizkuntza:Undetermined
Argitaratua:  Wiley-Interscience  2006
Gaiak:
Etiketak: Etiketa erantsi
Etiketarik gabe, Izan zaitez lehena erregistro honi etiketa jartzen!
Thư viện lưu trữ: Trung tâm Thư viện - Trường Đại học Công nghiệp TP. Hồ Chí Minh
LEADER 00530nam a2200157Ia 4500
001 UIH_07608
008 231011s9999 xx 000 0 und d
082 |a  001.4 
100 |a  Saleh, A. K. Md. Ehsanes 
245 0 |a  Theory of preliminary test and Stein-type estimation with applications 
245 0 |c  Saleh, A. K. Md. Ehsanes 
260 |b  Wiley-Interscience 
260 |c  2006 
650 |a  Thống kê;  
927 |a Sách 
980 |a Trung tâm Thư viện - Trường Đại học Công nghiệp TP. Hồ Chí Minh